NLSUI OPAC header image

Report of the education commission 1964-1966 : Educational and national development (Record no. 5311)

MARC details
000 -LEADER
fixed length control field 00674nam a2200205Ia 4500
003 - CONTROL NUMBER IDENTIFIER
control field OSt
005 - DATE AND TIME OF LATEST TRANSACTION
control field 20210729160021.0
008 - FIXED-LENGTH DATA ELEMENTS--GENERAL INFORMATION
fixed length control field 160316s1966 xxu||||| |||| 00| 0 eng d
040 ## - CATALOGING SOURCE
Transcribing agency NLS
082 ## - DEWEY DECIMAL CLASSIFICATION NUMBER
Classification number 370
Item number REP
100 ## - MAIN ENTRY--PERSONAL NAME
Personal name
245 ## - TITLE STATEMENT
Title Report of the education commission 1964-1966 : Educational and national development
260 ## - PUBLICATION, DISTRIBUTION, ETC.
Place of publication, distribution, etc. New Delhi
Name of publisher, distributor, etc. Govt. of India, Ministry of Education
Date of publication, distribution, etc. 1966
300 ## - PHYSICAL DESCRIPTION
Extent 634p
365 ## - TRADE PRICE
Price amount Rs.60/50
650 ## - SUBJECT ADDED ENTRY--TOPICAL TERM
Topical term or geographic name entry element 1.Education - Commission Report 1964-1966
700 ## - ADDED ENTRY--PERSONAL NAME
Personal name
--
856 ## - ELECTRONIC LOCATION AND ACCESS
Uniform Resource Identifier <a href="http://dise.in/Downloads/KothariCommissionVol.2pp.289.pdf">http://dise.in/Downloads/KothariCommissionVol.2pp.289.pdf</a>
-- <a href="http://www.academics-india.com/Kothari%20Commission%20Report.pdf">http://www.academics-india.com/Kothari%20Commission%20Report.pdf</a>
942 ## - ADDED ENTRY ELEMENTS (KOHA)
Source of classification or shelving scheme Dewey Decimal Classification
Koha item type BOOKs
Holdings
Withdrawn status Lost status Damaged status Not for loan Home library Current library Shelving location Date acquired Cost, normal purchase price Total Checkouts Full call number Barcode Date last seen Price effective from Koha item type Public note
        . . NAB Compactor 30.05.2017 60.50   370 REP 5489 14.06.2024 30.05.2017 BOOKs PAMPHLET TYPE